Country flags with crescent - Statistics

General Stats
  • This quiz has been taken 117 times
    106 since last reset
  • The average score is 11 of 17
Answer Stats
Hint Answer % Correct
Pakistan
92%
Turkey
91%
Tunisia
86%
Algeria
83%
Uzbekistan
79%
Turkmenistan
78%
Mauritania
77%
Libya
75%
Azerbaijan
74%
Singapore
73%
Maldives
71%
Malaysia
62%
Comoros
55%
Brunei
38%
Mongolia
35%
Nepal
32%
Moldova
23%
No matching quizzes found
Score Distribution
Percent of People with Each Score
Percentile by Number Answered
Your Score History
You have not taken this quiz since the last reset